00564nam a2200133Ia 4500008004100000100002100041245010900062260006400171300001800235650001500253856007000268999001900338952007300357160712s9999 xx 000 0 und d aTope, Lily Rose. cLily Rose TopeaImagining the Cinematic Nation: Fernando Poe Jr., Action Star and Presidential Candidate c2013bJournal of English Studies and Comparative Literature avol. 13 no. 1 xLITERATURE uhttp://journals.upd.edu.ph/index.php/jescl/issue/view/410/showToc c297317d297317 001040aCLbCLd2016-07-12l0r2016-07-12 00:00:00w2016-07-12yFEJ